LEADER 00863nam2-2200277 --450 001 9910427260303321 005 20201221123622.0 010 $a978-88-506-5529-8 100 $a20201221d2017----kmuy0itay5050 ba 101 0 $aeng 102 $aIT 105 $aa 001yy 200 1 $aAscidiacea of the European waters$fa cura di Riccardo Brunetti e Francesco Mastrototaro 210 $a[Bologna]$cCalderini$d2017 215 $aXXIII, 447 p.$cill.$d25 cm 461 0$1001000164472$12001$aFauna d'Italia$v51 676 $a591.945$v23$zita 702 1$aMastrototaro,$bFrancesco 702 1$aBrunetti,$bRiccardo$f<1940- > 801 0$aIT$bUNINA$gREICAT$2UNIMARC 901 $aBK 912 $a9910427260303321 952 $a60 591.945 FAUITA (051)$b647/2020$fFAGBC 959 $aFAGBC 996 $aAscidiacea of the European waters$91752598 997 $aUNINA LEADER 02568nam 2200577Ia 450 001 9910783333903321 005 20230617011503.0 010 $a0-309-18140-2 010 $a1-280-17364-5 010 $a9786610173648 010 $a0-309-54808-X 035 $a(CKB)1000000000030445 035 $a(EBL)3377915 035 $a(SSID)ssj0000283967 035 $a(PQKBManifestationID)11228063 035 $a(PQKBTitleCode)TC0000283967 035 $a(PQKBWorkID)10260891 035 $a(PQKB)10310330 035 $a(MiAaPQ)EBC3377915 035 $a(Au-PeEL)EBL3377915 035 $a(CaPaEBR)ebr10078108 035 $a(CaONFJC)MIL17364 035 $a(OCoLC)923274084 035 $a(EXLCZ)991000000000030445 100 $a20050328d2005 uy 0 101 0 $aeng 135 $aurcn||||||||| 181 $ctxt 182 $cc 183 $acr 200 04$aThe science of instream flows$b[electronic resource] $ea review of the Texas Instream Flow Program /$fCommittee on Review of Methods for Establishing Instream Flow for Texas Rivers, Water Science and Technology Board, Division on Earth and Life Studies, National Research Council of the National Academies 210 $aWashington, DC $cNational Academies Press$d2005 215 $a1 online resource (162 p.) 300 $aDescription based upon print version of record. 311 $a0-309-09566-2 320 $aIncludes bibliographical references (p. 129-134). 327 $a""Front Matter""; ""Preface""; ""Contents""; ""Executive Summary""; ""1 Introduction""; ""2 Scientific and Program Context for the Texas Instream Flow Program""; ""3 An Introduction to Instream Flow Science and Programs""; ""4 Evaluation of the Texas Instream Flow Programmatic Work Plan""; ""5 Evaluation of the Texas Instream Flow Technical Overview Document""; ""6 Implementation Issues""; ""References""; ""Acronyms""; ""Appendixes""; ""Appendix A Glossary""; ""Appendix B Water Science and Technology Board"" 327 $a""Appendix C Biographical Sketches for Committee on Review of Methods for Establishing Instream Flows for Texas Rivers"" 606 $aRivers$zTexas 606 $aStreamflow$zTexas 615 0$aRivers 615 0$aStreamflow 676 $a551.483 712 02$aNational Research Council (U.S.).$bCommittee on Review of Methods for Establishing Instream Flows for Texas Rivers. 801 0$bMiAaPQ 801 1$bMiAaPQ 801 2$bMiAaPQ 906 $aBOOK 912 $a9910783333903321 996 $aThe science of instream flows$93709393 997 $aUNINA LEADER 03109nam 2200529 450 001 9910827377603321 005 20200520144314.0 010 $a3-11-055112-8 010 $a3-11-055293-0 024 7 $a10.1515/9783110552935 035 $a(CKB)4100000003666421 035 $a(MiAaPQ)EBC5159655 035 $a(DE-B1597)482694 035 $a(OCoLC)1032695031 035 $a(DE-B1597)9783110552935 035 $a(Au-PeEL)EBL5159655 035 $a(EXLCZ)994100000003666421 100 $a20180816d2018 uy 0 101 0 $ager 135 $aurcnu|||||||| 181 $ctxt$2rdacontent 182 $cc$2rdamedia 183 $acr$2rdacarrier 200 10$aWissenschaftssprache praxistheoretisch $eHandlungstheoretische U?berlegungen zu wissenschaftlicher Textproduktion /$fRobert Niemann 210 1$aBerlin, Germany ;$aBoston, Massachusetts :$cDe Gruyter,$d[2018] 210 4$d©2018 215 $a1 online resource (506 pages) 225 0 $aLingua Academica ;$vBand 3 311 $a3-11-055091-1 320 $aIncludes bibliographical references and index. 327 $tFrontmatter -- $tDanksagung / $rNiemann, Robert -- $tInhalt -- $t1. Einleitung -- $tA - Zur Erklärung von Wissenschaftssprache -- $t2. Wissenschaftliche Autorschaft -- $t3. Reflexionen über Wissenschaft -- $t4. Konzeptionelle Ausrichtungen in der deutschen Sprachwissenschaft -- $t5. Empirie: Zum unbestimmten Sprachgebrauch in der Wissenschaft -- $tB - Zwischenfazit -- $tC - Wissenschaftliche Textproduktion - Spezifizierung des Explanans -- $t6. Wissenschaftskulturen - Handeln in Praktiken -- $t7. Der Handlungsbegriff in der Textproduktionsforschung -- $t8. Textproduktion - Eine kulturtheoretische Perspektive -- $t9. Fazit -- $tLiteraturverzeichnis -- $tIndex 330 $aDas Buch widmet sich der Frage nach einer systematischen Erklärung von Wissenschaftssprache. Dabei werden einschlägige Ansätze der Wissenschafts(sprach)forschung hinsichtlich ihrer Erklärungskraft mit dem historisch-empirischen Sprachgebrauch abgeglichen. Darauf aufbauend wird im Rahmen der jüngeren Kulturtheorie (u. a. der Praxistheorie) eine handlungstheoretische Erklärungsergänzung mit Blick auf wissenschaftliche Textproduktion vorgenommen. 330 $aThe book examines systematic attempts to explain scientific language. It seeks to reconcile the explanatory power of newer methods to study science and the language of science with historical-empirical language usage. Building on this discussion, the study proposes adding recent cultural theory (including speech practice theory) as a supplementary explanatory element to explain scientific text production. 606 $aGerman language$xStyle 610 $aScientific Language. 610 $aSpeech Act Theory. 610 $aText Production. 615 0$aGerman language$xStyle. 676 $a808.0431 700 $aNiemann$b Robert$01708128 801 0$bMiAaPQ 801 1$bMiAaPQ 801 2$bMiAaPQ 906 $aBOOK 912 $a9910827377603321 996 $aWissenschaftssprache praxistheoretisch$94096906 997 $aUNINA LEADER 05666nam 2200781 a 450 001 9910818851903321 005 20240516134329.0 010 $a9786613808523 010 $a9781282165267 010 $a1282165267 010 $a9781118382882 010 $a1118382889 010 $a9781118382899 010 $a1118382897 010 $a9781118382868 010 $a1118382862 035 $a(CKB)2550000000108178 035 $a(EBL)875874 035 $a(OCoLC)804863085 035 $a(SSID)ssj0000695305 035 $a(PQKBManifestationID)11421552 035 $a(PQKBTitleCode)TC0000695305 035 $a(PQKBWorkID)10671734 035 $a(PQKB)11285906 035 $a(MiAaPQ)EBC875874 035 $a(Au-PeEL)EBL875874 035 $a(CaPaEBR)ebr10582580 035 $a(CaONFJC)MIL380852 035 $a(PPN)250668912 035 $a(Perlego)1001566 035 $a(EXLCZ)992550000000108178 100 $a20120330d2012 uy 0 101 0 $aeng 135 $aur|n|---||||| 181 $ctxt 182 $cc 183 $acr 200 10$aDispersion decay and scattering theory /$fAlexander Komech, Elena Kopylova 205 $a1st ed. 210 $aHoboken, N.J. $cWiley$dc2012 215 $a1 online resource (204 p.) 300 $aDescription based upon print version of record. 311 08$a9781118341827 311 08$a1118341821 320 $aIncludes bibliographical references and index. 327 $aDispersion Decay and Scattering Theory; CONTENTS; List of Figures; Foreword; Preface; Acknowledgments; Introduction; 1 Basic Concepts and Formulas; 1 Distributions and Fourier transform; 2 Functional spaces; 2.1 Sobolev spaces; 2.2 Agmon-Sobolev weighted spaces; 2.3 Operator-valued functions; 3 Free propagator; 3.1 Fourier transform; 3.2 Gaussian integrals; 2 Nonstationary Schrodinger Equation; 4 Definition of solution; 5 Schro?dinger operator; 5.1 A priori estimate; 5.2 Hermitian symmetry; 6 Dynamics for free Schro?dinger equation; 7 Perturbed Schro?dinger equation 327 $a7.1 Reduction to integral equation7.2 Contraction mapping; 7.3 Unitarity and energy conservation; 8 Wave and scattering operators; 8.1 Mo?ller wave operators: Cook method; 8.2 Scattering operator; 8.3 Intertwining identities; 3 Stationary Schro?dinger Equation; 9 Free resolvent; 9.1 General properties; 9.2 Integral representation; 10 Perturbed resolvent; 10.1 Reduction to compact perturbation; 10.2 Fredholm Theorem; 10.3 Perturbation arguments; 10.4 Continuous spectrum; 10.5 Some improvements; 4 Spectral Theory; 11 Spectral representation; 11.1 Inversion of Fourier-Laplace transform 327 $a11.2 Stationary Schro?dinger equation11.3 Spectral representation; 11.4 Commutation relation; 12 Analyticity of resolvent; 13 Gohberg-Bleher theorem; 14 Meromorphic continuation of resolvent; 15 Absence of positive eigenvalues; 15.1 Decay of eigenfunctions; 15.2 Carleman estimates; 15.3 Proof of Kato Theorem; 5 High Energy Decay of Resolvent; 16 High energy decay of free resolvent; 16.1 Resolvent estimates; 16.2 Decay of free resolvent; 16.3 Decay of derivatives; 17 High energy decay of perturbed resolvent; 6 Limiting Absorption Principle; 18 Free resolvent; 19 Perturbed resolvent 327 $a19.1 The case ? > 019.2 The case ? = 0; 20 Decay of eigenfunctions; 20.1 Zero trace; 20.2 Division problem; 20.3 Negative eigenvalues; 20.4 Appendix A: Sobolev Trace Theorem; 20.5 Appendix B: Sokhotsky-Plemelj formula; 7 Dispersion Decay; 21 Proof of dispersion decay; 22 Low energy asymptotics; 8 Scattering Theory and Spectral Resolution; 23 Scattering theory; 23.1 Asymptotic completeness; 23.2 Wave and scattering operators; 23.3 Intertwining and commutation relations; 24 Spectral resolution; 24.1 Spectral resolution for the Schro?dinger operator; 24.2 Diagonalization of scattering operator 327 $a25 T-Operator and 5-Matrix9 Scattering Cross Section; 26 Introduction; 27 Main results; 28 Limiting amplitude principle; 29 Spherical waves; 30 Plane wave limit; 31 Convergence of flux; 32 Long range asymptotics; 33 Cross section; 10 Klein-Gordon Equation; 34 Introduction; 35 Free Klein-Gordon equation; 35.1 Dispersion decay; 35.2 Spectral properties; 36 Perturbed Klein-Gordon equation; 36.1 Spectral properties; 36.2 Dispersion decay; 37 Asymptotic completeness; 11 Wave equation; 38 Introduction; 39 Free wave equation; 39.1 Time decay; 39.2 Spectral properties; 40 Perturbed wave equation 327 $a40.1 Spectral properties 330 $aA simplified, yet rigorous treatment of scattering theory methods and their applications Dispersion Decay and Scattering Theory provides thorough, easy-to-understand guidance on the application of scattering theory methods to modern problems in mathematics, quantum physics, and mathematical physics. Introducing spectral methods with applications to dispersion time-decay and scattering theory, this book presents, for the first time, the Agmon-Jensen-Kato spectral theory for the Schr?dinger equation, extending the theory to the Klein-Gordon equation. The dispersion decay p 606 $aKlein-Gordon equation 606 $aSpectral theory (Mathematics) 606 $aScattering (Mathematics) 615 0$aKlein-Gordon equation. 615 0$aSpectral theory (Mathematics) 615 0$aScattering (Mathematics) 676 $a530.12/4 700 $aKomech$b A. I$054215 701 $aKopylova$b Elena$f1960-$01618769 801 0$bMiAaPQ 801 1$bMiAaPQ 801 2$bMiAaPQ 906 $aBOOK 912 $a9910818851903321 996 $aDispersion decay and scattering theory$93950670 997 $aUNINA